Lista de especies de orquídeas registradas para Colombia (Registro nro. 13524)
[ vista simple ]
| 000 -CABECERA | |
|---|---|
| Campo de control | 003210000a22001090004500 |
| 090 ## - CLASIFICACIÓN LOCAL | |
| Colección | AR |
| Consecutivo | 04426 |
| 041 0# - IDIOMA | |
| Código de idioma para texto/pista de sonido o título separado | |
| 100 1# - ASIENTO PRINCIPAL--NOMBRE PERSONAL | |
| Nombre personal | Ortiz, Pedro |
| 245 10 - MENCION DE TITULO | |
| Título | Lista de especies de orquídeas registradas para Colombia |
| Version | adiciones y correcciones |
| 773 1# - Item fuente: | |
| Título | Orquideología |
| Descripción física | 3 |
| Paginas del Articulo | 341-350 |
| Lugar, editorial y fecha de publicación | 2000 |
| Información sobre la relación | 21 |
| 942 ## - ELEMENTOS ADICIONALES (KOHA) | |
| Tipo de ítem | Artículo |
| Withdrawn status | Lost status | Damaged status | No para préstamo | Colección | Ubicación Permanente | Ubicación actual | Fecha de adquisición | Fuente de Valor | Datos de publicación Seriada | Total Checkouts | Número topográfico | Inventario / Código de Barras | Date last seen | Ejemplar | Price effective from | Forma de adquisición | Tipo de material |
|---|---|---|---|---|---|---|---|---|---|---|---|---|---|---|---|---|---|
| No para Préstamo | Hemeroteca | Bogotá | Bogotá | 27/08/2007 | Calderón, Eduardo | Fuera de circulación | AR 04426 | 025124 | 25/03/2015 | 1 | 25/03/2015 | Artículo |